| 000 | 00475nam a2200181Ia 4500 | ||
|---|---|---|---|
| 003 | GCL | ||
| 008 | 140319s9999 xx 000 0 eng d | ||
| 040 |
_aGCL / _cGCL |
||
| 082 | 0 | 4 |
_a892.7 _bV |
| 100 | 1 | _aRIZZITANO, UMBERTO | |
| 245 | 1 | 0 |
_aL'ISLAM MAGHRIBINO / _cRIZZITANO, UMBERTO |
| 260 |
_a[S.N] : _bACCADEMIA NAZIONALE DEI LINCEI ، _c1974 |
||
| 300 | _a27 P | ||
| 650 | 0 | 4 | _aحوادث المرور |
| 650 | 0 | 4 | _aMOROCCO |
| 650 | 0 | 4 | _aNORTH AFRICA |
| 942 |
_2ddc _cBK |
||
| 999 |
_c12465 _d12465 |
||